| 000 | 00434nam a2200181Ia 4500 | ||
|---|---|---|---|
| 001 | 1387 | ||
| 005 | 20260306143724.0 | ||
| 008 | 260306t2021||||xx |||||||||||||| ||spa|| | ||
| 041 | _aESP | ||
| 082 |
_a199.82 _bS21 |
||
| 100 |
_aSanguineti, Juan José, _eAUT |
||
| 245 | 0 | _aCiencia, tecnología y mundo humano | |
| 260 | _c2021 | ||
| 300 |
_a344 páginas : _c20 cm. |
||
| 650 | _aGEN | ||
| 654 | _aCHU | ||
| 942 |
_cLIB _dJUS _fJUS _2ddc _n |
||
| 999 |
_c1387 _d1387 |
||